Normal view
MARC view
- Motors, Fans, Pumps, Fuses
Entry Personal Name
001 - CONTROL NUMBER
- control field: 131035
003 - CONTROL NUMBER IDENTIFIER
- control field: NUST
005 - DATE AND TIME OF LATEST TRANSACTION
- control field: 20251008172640.0
008 - FIXED-LENGTH DATA ELEMENTS
- fixed length control field: 251008|| aca||aabn | a|a d
040 ## - CATALOGING SOURCE
- Original cataloging agency: NUST
- Transcribing agency: NUST
100 ## - HEADING--PERSONAL NAME
- Personal name: Motors, Fans, Pumps, Fuses
670 ## - SOURCE DATA FOUND
- Source citation: Work cat.: (NUST)190900: Motors, Fans, Pumps, Fuses /, Data Pack B, 1994
